000 00427nam a2200181Ia 4500
001 520
005 20260306140524.0
008 260306t1988||||xx |||||||||||||| ||spa||
041 _aESP
082 _a121.68
_bW74A 1988
100 _aWittgenstein, Ludwig
_eAUT
245 0 _aInvestigaciones filosóficas
260 _c1988
300 _a547 páginas :
_c20 cm.
650 _aGEN
654 _aCHU
942 _cLIB
_dJUS
_fJUS
_2ddc
_n
999 _c520
_d520